| 000 | 00925nam a2200253 u 4500 | ||
|---|---|---|---|
| 005 | 20250221063815.0 | ||
| 008 | 191011s1986 mx r 000 0 spa d | ||
| 020 | _a9686055940 | ||
| 035 | _aUPN01000233284 | ||
| 040 |
_aUPN _bspa _cUPN |
||
| 050 | 4 |
_aHQ769 _bM3.5 |
|
| 100 | 1 |
_aMcIntire, Roger W., _d1935- _944231 |
|
| 240 | 1 | 0 |
_aFor love of children: behavioral psychology for parents. _lEspañol |
| 245 | 1 | 0 |
_aPsicología de la conducta : _bpara padres y maestros / _c Roger Mcintire ; ilustrado por Gerrie Blake ; traducido por Orlando Espinosa de los Monteros. |
| 250 |
_a1a ed. _b2a reimpresión (1986) |
||
| 260 |
_aMéxico : _bPax México, _c1975. |
||
| 300 |
_a213 p. _eilustraciones |
||
| 500 | _aTraducción de: For love of children: behavioral psychology for parents. | ||
| 650 | 4 |
_aJuventud _914365 |
|
| 650 | 4 |
_aCrianza de niños _96222 |
|
| 905 | _aLibro | ||
| 942 |
_2lcc _cLIBRO |
||
| 999 |
_c205379 _d205379 |
||